000
00336nam a2200145Ia 4500
100
_a
Sadou/ F/ Korchagin/ M
942
_c
BK
654
_a
chemical technology
245
_a
Chemical Technology of Fibrors Materials
260
_b
Mir Publishers
_c
1973
082
_a
660
_b
SAD
300
_a
683
546
_a
ENGLISH
999
_c
25169
_d
25169